Most Subscribed YouTube Channels (2020) - Statistics

General Stats
  • This quiz has been taken 9 times
  • The average score is 4 of 15
Answer Stats
Subscribers (million) Country Channel % Correct
107 Sweden PewDiePie
100%
154 India T-Series
88%
53 United States Dude Perfect
38%
57 Canada Justin Bieber
38%
68 Cyprus 5-Minute Crafts
25%
94 United States Cocomelon
25%
66 United Staes WWE
25%
60 Brazil Canal KondZilla
13%
63 Ukraine Kids Diana Show
13%
60 Russia Like Nastya
13%
48 United States Marshmello
13%
83 India SET India
13%
52 Russia Vlad and Niki
13%
62 India Zee Music Company
13%
51 India Zee TV
13%
No matching quizzes found
Score Distribution
Percent of People with Each Score
Percentile by Number Answered
Your Score History
You have not taken this quiz